The journal of social psychology

Saved in:  
Bibliographic Details
Format: Print Journal
Language:English
Published: Philadelphia, Pa. Taylor & Francis Group 1930-
Worcester, Mass. Clark Univ. Press 1930-1936
Provincetown, Mass. Journal Press früher
Washington, DC Heldref -2009
In:Year: 1930
Check availability: HBZ Gateway
Subito Delivery Service: Order now.
Volumes / Articles:Show volumes/articles.
Keywords:
Parallel Edition:Electronic

MARC

LEADER 00000cas a2200000 c 4500
001 12907926X
003 DE-627
005 20251106164947.0
007 tu
008 931114c19309999xxuz| p| 0 |0eng c
015 |a 00,L01  |2 dnb 
016 7 |a 010046356  |2 DE-101 
016 7 |a 3135-5  |2 DE-600 
022 |a 0022-4545 
024 7 |a 00279528  |2 swets 
030 |a JSPSA 
035 |a (DE-627)12907926X 
035 |a (DE-576)014411873 
035 |a (DE-599)ZDB3135-5 
035 |a (OCoLC)1367276280 
035 |a (DE-615)00257081 
040 |a DE-627  |b ger  |c DE-627  |e rakwb 
041 |a eng 
044 |c XD-US 
082 0 4 |a 050  |q DE-101 
082 0 4 |a 300  |a 150  |q DE-600 
084 |a 5,2  |2 ssgn 
084 |a CL 1000  |2 rvk  |0 (DE-625)rvk/18938: 
084 |a 77.60  |2 bkl 
084 |a 71.00  |2 bkl 
210 1 0 |a J. Soc. Psychol. 
245 0 4 |a The journal of social psychology 
247 1 0 |a political, racial and differential psychology  |f Zusatz anfangs 
264 3 1 |a Philadelphia, Pa.  |b Taylor & Francis Group  |c 1930- 
264 2 1 |a Worcester, Mass.  |b Clark Univ. Press  |c 1930-1936 
264 2 1 |a Provincetown, Mass.  |b Journal Press  |c früher 
264 2 1 |a Washington, DC  |b Heldref  |c -2009 
300 |c gr. 8 
336 |a Text  |b txt  |2 rdacontent 
337 |a ohne Hilfsmittel zu benutzen  |b n  |2 rdamedia 
338 |a Band  |b nc  |2 rdacarrier 
362 0 |a 1.1930 - 
363 0 1 |a 1  |i 1930 
655 7 |a Zeitschrift  |0 (DE-588)4067488-5  |0 (DE-627)10454466X  |0 (DE-576)20917000X  |2 gnd-content 
689 0 0 |d s  |0 (DE-588)4055891-5  |0 (DE-627)106156535  |0 (DE-576)209115777  |a Sozialpsychologie  |2 gnd 
689 0 1 |d s  |0 (DE-588)4067488-5  |0 (DE-627)10454466X  |0 (DE-576)20917000X  |a Zeitschrift  |2 gnd 
689 0 |5 DE-101 
776 1 |x 1940-1183 
776 0 8 |i Erscheint auch als  |n Online-Ausg  |t The Journal of social psychology  |d London [u.a.] : Routledge, Taylor & Francis Group, 1930  |h Online-Ressource  |w (DE-627)341339466  |w (DE-600)2066653-6  |w (DE-576)266224911  |x 1940-1183  |k Electronic 
936 r v |a CL 1000  |b Zeitschriften  |k Psychologie  |k Zeitschriften  |0 (DE-627)1273576632  |0 (DE-625)rvk/18938:  |0 (DE-576)203576632 
936 b k |a 77.60  |j Sozialpsychologie: Allgemeines  |0 (DE-627)106413074 
936 b k |a 71.00  |j Soziologie: Allgemeines  |q ARK  |0 (DE-627)106423444 
938 1 0 |0 (DE-627)1756238642  |0 (DE-615)6604902  |a Sozialpsychologie  |2 fivt 
938 1 0 |0 (DE-627)1756196389  |0 (DE-615)6602146  |a Zeitschrift  |2 fivt 
951 |a JT 
ELC |b 1 
LOK |0 000 xxxxxcy a22 3n 4500 
LOK |0 001 2109066962 
LOK |0 003 DE-627 
LOK |0 004 12907926X 
LOK |0 005 20111208040842 
LOK |0 008 880928||||||||||||||||ger||||||| 
LOK |0 035   |a (DE-600)002123789 
LOK |0 040   |a DE-21  |c DE-627  |d DE-21 
LOK |0 092   |o l 
LOK |0 852   |8 1 
LOK |0 852   |a DE-21 
LOK |0 852 1  |c Ae 1944  |9 00 
LOK |0 85900  |8 1.1  |a 25  |i 1947 
LOK |0 85910  |8 1.2  |a 34  |i 1951 
LOK |0 85900  |8 2.1  |a 92  |i 1974 
LOK |0 85910  |8 2.2  |a 151  |i 2011 
LOK |0 86630  |a 25.1947 - 34.1951; 92.1974 - 151.2011 
LOK |0 866 0  |z ZLS-WZ 
LOK |0 939   |a 26-11-99  |b z01 
LOK |0 000 xxxxxcx a22 zn 4500 
LOK |0 001 277045272X 
LOK |0 003 DE-627 
LOK |0 004 12907926X 
LOK |0 005 20140319113349 
LOK |0 008 131028||||||||||||||||ger||||||| 
LOK |0 040   |a DE-21-110  |c DE-627  |d DE-21-110 
LOK |0 852   |z Kein Bestand am IfK; Nachweis für KrimDok 
LOK |0 852   |a DE-21-110 
LOK |0 852 1  |m v  |9 00 
LOK |0 935   |a k110 
LOK |0 938   |k v 
LOK |0 939   |a 28-10-13  |b l01 
ORI |a WA-MARC-krimdokb001.raw 
SPR |a 1  |t KRI